000
00276nam a22001217a 4500
008
181023b xxu||||| |||| 00| 0 eng d
041
_a
eng
080
_2
12 ED
_a
510
100
_a
38
101
_a
MAT
245
_a
Title Mathematical Ideas
_c
Miller.CH.D
942
_2
udc
_c
BK
999
_c
50676
_d
50676